| 000 | 00559nam a2200193 a 4500 | ||
|---|---|---|---|
| 001 | 3556 | ||
| 003 | CDMR | ||
| 005 | 20151030104202.0 | ||
| 008 | 130130s1973||||||||||||||||||||||||||||d | ||
| 040 |
_aCDMR _bcat _cCDMR |
||
| 245 | 0 | 0 |
_aTeoría de la comunicación humana _b: ensayos originales _cselección por Frank E. X. Dance |
| 260 |
_aBuenos Aires _c1973 _bTroquel |
||
| 300 | _a456 p. | ||
| 490 | 0 | _aEl Tema del Hombre | |
| 650 | 0 | 4 |
_92085 _aComunicació _xTeoria |
| 650 | 0 | 4 |
_9388 _aComunicació humana |
| 700 | 1 |
_92543 _aDance, Frank E.X. |
|
| 942 |
_cMON _2udc |
||
| 999 |
_c3556 _d3556 |
||